| 000 | 02801nam0a22004691 4500 | ||
|---|---|---|---|
| 001 | v19\rc\2114078 | ||
| 005 | 20260407090841.0 | ||
| 035 | _a(NLR Aleph) 005183925 | ||
| 090 |
_a5150899 _c5150899 |
||
| 100 | _a20090914d1824 |||y0rusy50 ca | ||
| 101 | 1 |
_arus _cger |
|
| 102 | _aRU | ||
| 140 | _aj у ega yyy | ||
| 200 | 1 |
_aОписание Иудейской земли во время Иисуса Христа _eДля читателей священнаго писания _eС гравированной и раскрашенной картой |
|
| 210 |
_aС. Петербург _cпри Императорской Академии наук _d1824 |
||
| 215 |
_a107, [2] с., 1 л. карт. _d8º |
||
| 300 | _aЦенз.: Г.П. Павский, 15 окт. 1824 г. | ||
| 300 | _aПредисл. изд. на с.3-4 | ||
| 300 | _aИмеются подстроч. примеч. ист. характера | ||
| 300 | _aНа с.1-2 географич. указ. ("Азбучной список наименнованний земель, гор, рек, городов в сей книги упоминаемых"). | ||
| 300 | _aКн. продавалась в Москве у книгопродавца Ельцнера (см. рец.) | ||
| 300 | _aПеределка кн.: Ioh. Fr. Röhr. Palästina, oder Historish-geographische Beschreibung des Iudischen Landes zur Zeit Iesu... 1821 | ||
| 300 | _aИл.: Карта Иудейской земли во время Ииуса Христа. Грав. И.И. Колпаков | ||
| 300 | _aЦена: 4 руб. на простой бумаге, 6 руб. на венелевой с первыми оттисками карты (см. рец.) | ||
| 300 | _aРец.: Библиогр. листы, 2, стб. 48-57; Вестник Европы. 1825. №2. С.159. | ||
| 321 | 1 | _aСК 1801-1825 6086 | |
| 500 | 1 | 0 |
_6z01702 _aPalästina, oder Historish-geographische Beschreibung des Iudischen Landes zur Zeit Iesu... |
| 600 | 0 |
_aИисус Христос _91151654 _3RU\NLR\AUTH\66459662 |
|
| 620 | _dСанкт-Петербург | ||
| 702 | 1 |
_6z01500 _aРер _bИ.Ф. _f1777-1848 _gИоганн Фридрих _4245 |
|
| 702 | 1 |
_4190 _7ca _8rus _aПавский _bГ. П. _f1787-1863 _gГерасим Петрович _935009 _3RU\NLR\AUTH\7752076 |
|
| 702 | 1 |
_aЕльцнер _4160 |
|
| 702 | 1 |
_4350 _7ca _8rus _aКолпаков _bИ. И. _f1771-1840 _gИван Иванович _9168455 _3RU\NLR\AUTH\770168503 |
|
| 712 | 0 | 2 |
_4610 _aАкадемическая типография _cПетербург _9303965 _3RU\NLR\AUTH\8815379 |
| 801 | 0 |
_aRU _bNLR _gpsbo |
|
| 801 | 1 |
_aRU _bProSoft-M _2rusmarc |
|
| 852 |
_aNLR _j18.122.5.15 |
||
| 852 |
_aNLR _j138/769 |
||
| 942 | _cBOOK | ||
| 980 | _aNB | ||
| 980 | 3 | _akprsl | |